UM Logo

C# precisely / (Record no. 4129)

MARC details
000 -LEADER
fixed length control field 00984cam a22002774a 4500
001 - CONTROL NUMBER
control field 13526948
003 - CONTROL NUMBER IDENTIFIER
control field OSt
005 - DATE AND TIME OF LATEST TRANSACTION
control field 20160825143903.0
008 - FIXED-LENGTH DATA ELEMENTS--GENERAL INFORMATION
fixed length control field 040317s2004 mau b 001 0 eng
010 ## - LIBRARY OF CONGRESS CONTROL NUMBER
LC control number 2004048288
020 ## - INTERNATIONAL STANDARD BOOK NUMBER
International Standard Book Number 0-262-69317-8 (pbk. : alk. paper)
040 ## - CATALOGING SOURCE
Original cataloging agency DLC
Transcribing agency DLC
Modifying agency DLC
042 ## - AUTHENTICATION CODE
Authentication code pcc
050 00 - LIBRARY OF CONGRESS CALL NUMBER
Classification number QA76.73.C154
Item number S47 2004
082 00 - DEWEY DECIMAL CLASSIFICATION NUMBER
Classification number DC 005.133
Edition number 2004
Item number Se7c
100 1# - MAIN ENTRY--PERSONAL NAME
Personal name Sestoft, Peter.
245 10 - TITLE STATEMENT
Title C# precisely /
Statement of responsibility, etc. Peter Sestoft, Henrik I. Hansen.
260 ## - PUBLICATION, DISTRIBUTION, ETC. (IMPRINT)
Place of publication, distribution, etc. Cambridge, Mass. :
Name of publisher, distributor, etc. MIT Press,
Date of publication, distribution, etc. 2004.
300 ## - PHYSICAL DESCRIPTION
Extent viii, 204 pages ;
Dimensions 23 cm.
504 ## - BIBLIOGRAPHY, ETC. NOTE
Bibliography, etc Includes bibliographical references and index.
650 #0 - SUBJECT ADDED ENTRY--TOPICAL TERM
Topical term or geographic name as entry element C# (Computer program language)
700 1# - ADDED ENTRY--PERSONAL NAME
Personal name Hansen, Henrik I.
906 ## - LOCAL DATA ELEMENT F, LDF (RLIN)
a 7
b cbc
c orignew
d 1
e ocip
f 20
g y-gencatlg
942 ## - ADDED ENTRY ELEMENTS (KOHA)
Source of classification or shelving scheme Dewey Decimal Classification
Koha item type Circulation
Holdings
Withdrawn status Lost status Source of classification or shelving scheme Damaged status Not for loan Collection code Home library Current library Date acquired Source of acquisition Total Checkouts Full call number Barcode Date last seen Price effective from Koha item type
    Dewey Decimal Classification     Circulation UM Digos College - LIC UM Digos College - LIC 05/30/2011 Donated   DC 005.133 Se7c 2004 21555 05/15/2025 08/25/2016 Circulation